<?xml version="1.0" encoding="UTF-8"?>
<collection xmlns="http://www.loc.gov/MARC21/slim">
 <record>
  <leader>06982nam a2200505 a 4500</leader>
  <controlfield tag="001">kal5332</controlfield>
  <controlfield tag="003">Gr-AtHEAL</controlfield>
  <controlfield tag="005">20160505165500.0</controlfield>
  <controlfield tag="006">m        d        </controlfield>
  <controlfield tag="008">160413s2015    gr      s           gre|c</controlfield>
  <datafield tag="020" ind1=" " ind2=" ">
   <subfield code="a">9789606035005</subfield>
  </datafield>
  <datafield tag="040" ind1=" " ind2=" ">
   <subfield code="a">GR-AtHEAL</subfield>
   <subfield code="b">gre</subfield>
   <subfield code="c">GR-AtHEAL</subfield>
  </datafield>
  <datafield tag="082" ind1="0" ind2="4">
   <subfield code="a">371.91</subfield>
   <subfield code="2">23</subfield>
  </datafield>
  <datafield tag="100" ind1="1" ind2=" ">
   <subfield code="a">Τζιβινίκου, Σωτηρία.</subfield>
   <subfield code="8">1841</subfield>
  </datafield>
  <datafield tag="245" ind1="1" ind2="0">
   <subfield code="a">Μαθησιακές δυσκολίες - διδακτικές παρεμβάσεις</subfield>
   <subfield code="h">[Ηλεκτρονικός πόρος] </subfield>
   <subfield code="b">Από το μοντέλο της απόκλισης στην ανταπόκριση στη διδασκαλία/παρέμβαση</subfield>
   <subfield code="c">Τζιβινίκου, Σωτηρία ; Κριτικός αναγνώστης,Γαλαντόμος, Ιωάννης ; Τεχνική επιμέλεια,Λουκέρη, Σοφία ; Γλωσσική επιμέλεια,Κίτσιου, Σταυρούλα.</subfield>
  </datafield>
  <datafield tag="260" ind1=" " ind2=" ">
   <subfield code="a">Αθήνα :</subfield>
   <subfield code="b">Σύνδεσμος Ελληνικών Ακαδημαϊκών Βιβλιοθηκών,</subfield>
   <subfield code="c">c2015.</subfield>
  </datafield>
  <datafield tag="490" ind1=" " ind2=" ">
   <subfield code="a">Ακαδημαϊκά Ηλεκτρονικά Συγγράμματα και Βοηθήματα Κάλλιπος</subfield>
   <subfield code="8">40</subfield>
  </datafield>
  <datafield tag="520" ind1=" " ind2=" ">
   <subfield code="a">Το προτεινόμενο βιβλίο πραγματεύεται τα ζητήματα που σχετίζονται με τις μαθησιακές δυσκολίες (ΜΔ), υιοθετώντας εκ προοιμίου τη θέση ότι οι μαθητές με ΜΔ έχουν τη δυνατότητα να πετύχουν ακαδημαϊκά και κοινωνικά, με τις κατάλληλες, έγκαιρες και αποτελεσματικές διδακτικές παρεμβάσεις. Αποτελείται από επτά κεφάλαια. *Τα δύο πρώτα κεφάλαια πραγματεύονται τις βασικές έννοιες, τους ορισμούς και τις θεωρητικές προσεγγίσεις που καταγράφονται στη διεθνή βιβλιογραφία καθώς αποτελούν τα σημαντικότερα θέματα συζήτησης και επιστημονικής αντιπαράθεσης στο χώρο των Μάδυτο 3ο κεφ αναφέρεται στην πολυεπίπεδη διδασκαλία, ενώ το επόμενο 4ο κεφ, αναφέρεται στους τρόπους υποστήριξης των μαθητών με ΜΔ στη γενική τάξη, δίνοντας έμφαση στις διαβαθμισμένης έντασης, τροποποιήσεις και προσαρμογές του προγράμματος για να γίνει πιο προσβάσιμο από όλους τους μαθητές.* Τα επόμενα 2 κεφάλαια, δίνουν έμφαση στις στρατηγικές διδασκαλίας και μάθησης για τα βασικά ακαδημαϊκά αντικείμενα, ανάγνωση, γραφή και μαθηματικά, με στόχο την αύξηση της αποτελεσματικότητας της μάθησης και της σχολικής επιτυχίας.* Το τελευταίο, το 7ο κεφ περιλαμβάνει χρηστικό υλικό τόσο για τους ειδικούς παιδαγωγούς των τμημάτων ένταξης, των ΚΕΔΔΥ και των ΕΔΕΑΥ, όσο και των εκπαιδευτικών των τυπικών τάξεων, όπως διαγνωστικά εργαλεία, και σχέδια διδασκαλιών και παρεμβάσεων. Προτείνονται καλές πρακτικές και υποστηρίζεται η χρήση ΤΠΕ.* Το κάθε κεφάλαιο βασίζεται στη διεθνή και ελληνική βιβλιογραφία, υπακούοντας στην επιστημονική και ηθική δεοντολογία, ώστε να μπορεί να αποτελέσει το κατάλληλο υποστηρικτικό υλικό για τα προπτυχιακά και μεταπτυχιακά μαθήματα.* Στο τέλος κάθε κεφαλαίου, υπάρχουν ερωτήσεις κατανόησης, και οι σχετικές απαντήσεις για τον έλεγχο και την υποβοήθηση της μάθησης.</subfield>
  </datafield>
  <datafield tag="650" ind1=" " ind2="0">
   <subfield code="a">Learning disabilities.</subfield>
   <subfield code="8">2801</subfield>
  </datafield>
  <datafield tag="650" ind1=" " ind2="0">
   <subfield code="a">Teaching Methods.</subfield>
   <subfield code="8">2802</subfield>
  </datafield>
  <datafield tag="653" ind1=" " ind2=" ">
   <subfield code="a">Πολυεπίπεδη διδασκαλία</subfield>
  </datafield>
  <datafield tag="653" ind1=" " ind2=" ">
   <subfield code="a">Σχεδιασμός μαθήματος</subfield>
  </datafield>
  <datafield tag="653" ind1=" " ind2=" ">
   <subfield code="a">Αξιολόγηση</subfield>
  </datafield>
  <datafield tag="653" ind1=" " ind2=" ">
   <subfield code="a">Προσαρμοσμένο διδακτικό υλικό</subfield>
  </datafield>
  <datafield tag="653" ind1=" " ind2=" ">
   <subfield code="a">Εκπαιδευτικές προσαρμογές</subfield>
  </datafield>
  <datafield tag="653" ind1=" " ind2=" ">
   <subfield code="a">Εκπαιδευτικές διευκολύνσεις</subfield>
  </datafield>
  <datafield tag="653" ind1=" " ind2=" ">
   <subfield code="a">Εκπαιδευτική υποστήριξη</subfield>
  </datafield>
  <datafield tag="653" ind1=" " ind2=" ">
   <subfield code="a">Διδακτικές προσεγγίσεις</subfield>
  </datafield>
  <datafield tag="653" ind1=" " ind2=" ">
   <subfield code="a">Ανταπόκριση στην παρέμβαση</subfield>
  </datafield>
  <datafield tag="653" ind1=" " ind2=" ">
   <subfield code="a">Ανταπόκριση στη διδασκαλία</subfield>
  </datafield>
  <datafield tag="653" ind1=" " ind2=" ">
   <subfield code="a">Στρατηγικές</subfield>
  </datafield>
  <datafield tag="653" ind1=" " ind2=" ">
   <subfield code="a">Εκπαιδευτικές παρεμβάσεις</subfield>
  </datafield>
  <datafield tag="653" ind1=" " ind2=" ">
   <subfield code="a">Μαθησιακές δυσκολίες</subfield>
  </datafield>
  <datafield tag="653" ind1=" " ind2=" ">
   <subfield code="a">Εκπαίδευση και επιστήμες της αγωγής</subfield>
   <subfield code="a">Διδασκαλία και μάθηση (διαδικασίες και μεθοδολογία)</subfield>
   <subfield code="a">Διδασκαλία</subfield>
   <subfield code="a">Μέθοδοι διδασκαλίας</subfield>
   <subfield code="a">Ενισχυτική διδασκαλία</subfield>
  </datafield>
  <datafield tag="653" ind1=" " ind2=" ">
   <subfield code="a">Εκπαίδευση και επιστήμες της αγωγής</subfield>
   <subfield code="a">Θεωρία της εκπαίδευσης (ευρείες εκπαιδευτικές έννοιες)</subfield>
   <subfield code="a">Εκπαιδευτικές μέθοδοι</subfield>
   <subfield code="a">Μέθοδοι διδασκαλίας</subfield>
  </datafield>
  <datafield tag="653" ind1=" " ind2=" ">
   <subfield code="a">Εκπαίδευση και επιστήμες της αγωγής</subfield>
   <subfield code="a">Διδασκαλία και μάθηση (διαδικασίες και μεθοδολογία)</subfield>
   <subfield code="a">Μέθοδοι διδασκαλίας</subfield>
  </datafield>
  <datafield tag="653" ind1=" " ind2=" ">
   <subfield code="a">Εκπαίδευση και επιστήμες της αγωγής</subfield>
   <subfield code="a">Εκπαίδευση (ανά ομάδα)</subfield>
   <subfield code="a">Ειδική αγωγή</subfield>
  </datafield>
  <datafield tag="653" ind1=" " ind2=" ">
   <subfield code="a">Εκπαίδευση και επιστήμες της αγωγής</subfield>
   <subfield code="a">Διδασκαλία και μάθηση (διαδικασίες και μεθοδολογία)</subfield>
  </datafield>
  <datafield tag="653" ind1=" " ind2=" ">
   <subfield code="a">Εκπαίδευση και επιστήμες της αγωγής</subfield>
   <subfield code="a">Διδακτική</subfield>
  </datafield>
  <datafield tag="700" ind1="1" ind2=" ">
   <subfield code="a">Γαλαντόμος, Ιωάννης</subfield>
   <subfield code="e">Κριτικός αναγνώστης</subfield>
   <subfield code="8">1842</subfield>
  </datafield>
  <datafield tag="856" ind1="4" ind2="0">
   <subfield code="u">http://hdl.handle.net/11419/5332</subfield>
   <subfield code="z">Πλήρες Κείμενο - Full text</subfield>
  </datafield>
  <datafield tag="907" ind1=" " ind2=" ">
   <subfield code="a">.b2567769x</subfield>
   <subfield code="b">12-06-18</subfield>
   <subfield code="c">29-07-16</subfield>
  </datafield>
  <datafield tag="949" ind1=" " ind2=" ">
   <subfield code="0">0</subfield>
   <subfield code="1">0</subfield>
   <subfield code="2">ddc</subfield>
   <subfield code="4">0</subfield>
   <subfield code="6">371_910000000000000_ΤΖΙ</subfield>
   <subfield code="7">0</subfield>
   <subfield code="8">KALL</subfield>
   <subfield code="8">527</subfield>
   <subfield code="d">2016-04-13</subfield>
   <subfield code="r">2016-04-13</subfield>
   <subfield code="w">2016-04-13</subfield>
   <subfield code="z">371.91 ΤΖΙ</subfield>
   <subfield code="o">SEAB KALLIPOS</subfield>
  </datafield>
  <datafield tag="998" ind1=" " ind2=" ">
   <subfield code="a">80</subfield>
   <subfield code="a">01</subfield>
   <subfield code="a">02</subfield>
   <subfield code="a">03</subfield>
   <subfield code="a">04</subfield>
   <subfield code="a">05</subfield>
   <subfield code="a">06</subfield>
   <subfield code="a">07</subfield>
   <subfield code="a">08</subfield>
   <subfield code="a">09</subfield>
   <subfield code="a">10</subfield>
   <subfield code="a">11</subfield>
   <subfield code="a">12</subfield>
   <subfield code="a">13</subfield>
   <subfield code="a">14</subfield>
   <subfield code="a">15</subfield>
   <subfield code="a">16</subfield>
   <subfield code="a">17</subfield>
   <subfield code="a">19</subfield>
   <subfield code="a">18</subfield>
   <subfield code="a">20</subfield>
   <subfield code="a">21</subfield>
   <subfield code="a">22</subfield>
   <subfield code="a">23</subfield>
   <subfield code="a">24</subfield>
   <subfield code="a">25</subfield>
   <subfield code="a">26</subfield>
   <subfield code="b">10-05-17</subfield>
   <subfield code="c">m</subfield>
   <subfield code="d">z  </subfield>
   <subfield code="e">-</subfield>
   <subfield code="f">gre</subfield>
   <subfield code="g">gr </subfield>
   <subfield code="h">0</subfield>
  </datafield>
  <datafield tag="942" ind1=" " ind2=" ">
   <subfield code="2">ddc</subfield>
   <subfield code="c">KALLIPOS</subfield>
  </datafield>
 </record>
</collection>
